000 00710nam a2200253Ia 4500
003 OSt
005 20220918164605.0
006 a|||||r|||| 00| 0
007 ta
008 220917b |||||||| |||| 00| 0 eng d
020 _a0700601589
024 _a36,687
037 _cTextual
040 _aARTS
_cARTS
_beng
041 _2eng
_aeng
082 _aO121,1G65,2:g, 111L8
100 _aKay Richard
_919621
245 0 _aDante's swift and strong
_b Essays on Inferno XV Lawrence
260 _aLawrence
_bRegent Press USA
_c1978
300 _axx, 446p.
_ccm.
650 _aENGLISH LITERATURE
942 _hO121,1G65,2:g, 111L8
_cTEXL
_2CC
999 _c125483
_d125483